Költségmegosztás a felsöoktatásban utak és tévutak

Na minha lista:
Detalhes bibliográficos
Autor principal: András, Semjén
Formato: Livro
Idioma:húngaro
Publicado em: Budapest MTA Közgazdaságtu-dományi Intézet 2013
Colecção:KTI Könyvek 16
Assuntos:
Tags: Adicionar Tag
Sem tags, seja o primeiro a adicionar uma tag!

MARC

LEADER 00000nam a2200000 4500
001 0178785
005 20240318120351.6
020 |a 978-615-5243-66-0 
022 |a 1786-5476 
041 0 |a hun 
044 |a HU 
245 1 0 |a Költségmegosztás a felsöoktatásban  |b utak és tévutak  |c Semjén András 
264 1 |a Budapest  |b MTA Közgazdaságtu-dományi Intézet  |c 2013 
300 |a 176 s. 
490 1 |a KTI Könyvek  |v 16 
830 0 |a KTI Könyvek  |v 16 
610 2 0 |a vzdelanie vysokoškolské 
610 2 0 |a vzdelávanie 
610 2 0 |a náklady na vzdelanie 
610 2 0 |a financovanie 
610 2 0 |a porovnanie medzinárodné 
610 2 0 |a Maďarsko 
610 2 0 |a OECD 
100 1 |a András, Semjén